00290nam a22000977a 4500082001400000100002300014245006700037260006800104300000700172650001300179 a294.5 PRA aBoni, Pravin Kumar aA Study of Selected Texts of Bhagavadgita: A Dalit Perspective aHenry Martyn Institute, HyderabadbHenry Martyn Institutec2021 a93 aHinduism